| 000 | 00662nam a22002177a 4500 | ||
|---|---|---|---|
| 003 | UA-OsUOA | ||
| 001 | 131961 | ||
| 007 | ta | ||
| 008 | 20180625b un ||||| |||| 00| 0 ukr d | ||
| 100 | _aРуснак І. | ||
| 090 |
_a82 _bР88 |
||
| 942 | _cSA | ||
| 040 |
_aUA-OsUOA _bukr _cUA-OsUOA _dUA-OsUOA |
||
| 245 | _aІсторія написання і видання роману "сонце з заходу" Уласа Самчука: спроба реконструкції | ||
| 300 | _aС.24-28 | ||
| 955 | _a0 | ||
| 041 | _aukr | ||
| 080 | _a82 | ||
| 773 | 0 | _w131959 | |
| 650 | 7 |
_a82 Література. Літературознавство _2UDC |
|
| 999 |
_c420434 _d420434 |
||